000 00279nam a2200097Ia 4500
001 695389
005 20250826161951.0
008 250824s9999 xx 000 0 und d
245 0 _aBÜYÜK UMUTLAR (ANTİK OKUL KLASİKLERİ)
_cCHARLES DİCKENS
260 _bANTİK DÜNYA KLASİKLERİ
999 _c695389
_d695389